| 000 | 00928nam a2200313 i 4500 | ||
|---|---|---|---|
| 003 | EG-GICUC | ||
| 005 | 20260121101731.0 | ||
| 008 | 260117s1979 sz ||||fr ||| 00| 0 eng d | ||
| 020 | _a2880440084 | ||
| 040 |
_aEG-GICUC _cEG-GICUC _dEG-GICUC _erda _beng |
||
| 041 | 0 | _aita | |
| 082 | 0 | 4 |
_221 _a341.48 _bTO . I |
| 092 | 0 | 4 | _221 |
| 099 | _aLaw1 11 341.48 TO . I 1979 | ||
| 100 | 1 |
_aToman,Jiri _eCompiler. |
|
| 245 | 1 | 2 |
_aInternational Humanitarian Law _cJiri Toman . |
| 264 | 0 |
_aGeneva : _bHenry Dunant Institute , _c1979 . |
|
| 300 |
_a59 Pages; _c30 cm. |
||
| 336 |
_atext _2rda content |
||
| 337 |
_aComputer _2rda media |
||
| 338 |
_aOnline Resource _2rda carrier |
||
| 546 | _aText in English | ||
| 650 | 0 | 4 | _aPublic international law |
| 650 | 0 | 4 | _aHuman Rights |
| 700 | 1 |
_aHuong,Huynh Thi _eCompiler. |
|
| 856 | _uhttps://fll.law.cu.edu.eg/fulltext/th/B11-06810.pdf | ||
| 905 | _a59 | ||
| 942 |
_2ddc _cBK _e21 _n0 |
||
| 999 |
_c57328 _d57328 |
||